Responsibility of international organisations towards other international organisations : (Record no. 4666)
[ view plain ]
| 000 -LEADER | |
|---|---|
| fixed length control field | 01174cam a22002892 4500 |
| 001 - CONTROL NUMBER | |
| control field | 0000025258 |
| 005 - DATE AND TIME OF LATEST TRANSACTION | |
| control field | 20151217145956.0 |
| 008 - FIXED-LENGTH DATA ELEMENTS--GENERAL INFORMATION | |
| fixed length control field | 150331s xx 000 0 eng d |
| 020 ## - INTERNATIONAL STANDARD BOOK NUMBER | |
| International Standard Book Number | 9350289814 : |
| 040 ## - CATALOGING SOURCE | |
| Original cataloging agency | KABU |
| Transcribing agency | KABU |
| 100 1# - MAIN ENTRY--PERSONAL NAME | |
| Personal name | Patel, Bimal N. |
| -- | 0000185768 |
| 245 10 - TITLE STATEMENT | |
| Title | Responsibility of international organisations towards other international organisations : |
| Remainder of title | law and practice of the United Nations, the World Bank, the European Union and the International atomic energy agency. |
| 250 ## - EDITION STATEMENT | |
| Edition statement | 1st ed. |
| 260 ## - PUBLICATION, DISTRIBUTION, ETC. (IMPRINT) | |
| Place of publication, distribution, etc. | Lucknow : |
| Name of publisher, distributor, etc. | Eastern Book Company, |
| Date of publication, distribution, etc. | 2013. |
| 300 ## - PHYSICAL DESCRIPTION | |
| Extent | xxxii, 408 p. |
| 650 #0 - SUBJECT ADDED ENTRY--TOPICAL TERM | |
| Topical term or geographic name as entry element | Tort liability of international agencies. |
| -- | 0000185769 |
| 650 #0 - SUBJECT ADDED ENTRY--TOPICAL TERM | |
| Topical term or geographic name as entry element | Government liability (international law) |
| -- | 0000185770 |
| 700 1# - ADDED ENTRY--PERSONAL NAME | |
| Personal name | Amerasinghe, C.F. |
| -- | 0000185771 |
| 700 1# - ADDED ENTRY--PERSONAL NAME | |
| Personal name | Malik, Abhinandan. |
| -- | 0000185772 |
| 908 ## - PUT COMMAND PARAMETER (RLIN) | |
| Put command parameter | 150331 |
| 950 ## - LOCAL HOLDINGS (RLIN) | |
| -- | 1 |
| Withdrawn status | Lost status | Source of classification or shelving scheme | Not for loan | Home library | Current library | Date acquired | Total Checkouts | Full call number | Barcode | Date last seen | Price effective from | Koha item type |
|---|---|---|---|---|---|---|---|---|---|---|---|---|
| Library of Congress Classification | Kabarak, Main Campus | Kabarak, Main Campus | 17/12/2015 | K967.5 .P38 2013 c. 1 | 016808 | 17/12/2015 | 17/12/2015 | General Collection | ||||
| Library of Congress Classification | Kabarak, Main Campus | Kabarak, Main Campus | 17/12/2015 | K967.5 .P38 2013 c. 2 | 018005 | 17/12/2015 | 17/12/2015 | General Collection | ||||
| Library of Congress Classification | Kabarak, Main Campus | Kabarak, Main Campus | 17/12/2015 | K967.5 .P38 2013 c. 3 | 018006 | 17/12/2015 | 17/12/2015 | General Collection | ||||
| Library of Congress Classification | Kabarak, Main Campus | Kabarak, Main Campus | 17/12/2015 | K967.5 .P38 2013 c. 4 | 018007 | 17/12/2015 | 17/12/2015 | General Collection | ||||
| Library of Congress Classification | Kabarak, Main Campus | Kabarak, Main Campus | 17/12/2015 | K967.5 .P38 2013 c. 5 | 018008 | 17/12/2015 | 17/12/2015 | General Collection |